000
00318nam a22001337a 4500
003
SGT
020
_a
9781032383613
082
_a
741.6
_b
PER
100
_a
PEREZ VICTOR
245
_a
THE COLOR MANAGEMENT HANDBOOK FOR VISUAL EFFECTS ARTISTS
260
_a
UK
_b
ROUTLEDGE PUB
_c
2024
300
_a
231
942
_2
ddc
_c
BK
999
_c
34676
_d
34676